Países campeones del mundo de Poker - Estadísticas

Estadísticas generales
  • Esta prueba ha sido intentada 38 veces
  • La puntuación promedio es 9 de 14
Estadísticas de respuestas
Número de campeonatos ganados País % Correcto
38 Estados Unidos
100%
1 Canadá
89%
2 China
89%
3 Alemania
86%
1 Argentina
83%
1 Reino Unido
83%
1 Suecia
69%
1 Australia
63%
1 Noruega
63%
1 Irlanda
60%
1 Dinamarca
51%
2 Vietnam
26%
1 Ecuador
17%
1 Irán
17%
No se encontraron pruebas coincidentes
Distribución de puntuación
Porcentaje de gente con cada puntuación
Porcentaje por número respondido
Historial de tus puntuaciones
No has intentado esta prueba.